[Event "St. Benno-Gymnasium Dresden-Herder-Gymna"]
[Site "Verden/Aller"]
[Date "2011.05.14"]
[Round "3.1"]
[White "Rolfes, Leon"]
[Black "Zimm, Justus"]
[Result "1/2-1/2"]
[WhiteElo "1924"]
[BlackElo "1898"]
[PlyCount "156"]
[EventDate "2011.??.??"]
[WhiteTeam "Herder-Gymnasium"]
[BlackTeam "St. Benno-Gymnasium Dresden"]

1. d4 Nf6 2. Bg5 Ne4 3. Bf4 d5 4. Nd2 Nxd2 5. Qxd2 c6 6. Nf3 Bf5 7. e3 e6 8.
Bd3 Bxd3 9. Qxd3 Bd6 10. Bxd6 Qxd6 11. O-O Nd7 12. b3 O-O 13. c4 b6 14. Rfd1
Rfe8 15. e4 dxe4 16. Qxe4 Nf6 17. Qe5 Rad8 18. h3 h6 19. a3 Re7 20. Qxd6 Rxd6
21. Ne5 Nd7 22. b4 c5 23. Nf3 cxd4 24. Rxd4 Rxd4 25. Nxd4 Ne5 26. c5 bxc5 27.
bxc5 Rd7 28. Nb5 a6 29. Nc3 Nd3 30. Na4 Rd4 31. Rd1 Rxa4 32. Rxd3 Rc4 33. Rd6
Rxc5 34. Rxa6 Rc1+ 35. Kh2 Kh7 36. a4 Kg6 37. a5 Ra1 38. Ra7 Kf6 39. a6 Ra2 40.
Kg3 Ra3+ 41. f3 Ra4 42. Ra8 Kg6 43. h4 h5 44. Kh3 Ra3 45. Kh2 Ra4 46. Kg3 Kf6
47. Kh3 Ra3 48. Ra7 Kg6 49. Kg3 Ra4 50. Ra8 Kf6 51. Rh8 Rxa6 52. Rxh5 Ra4 53.
Rb5 Kg6 54. Kh3 Rd4 55. g4 f5 56. h5+ Kf6 57. Kh4 fxg4 58. fxg4 Rd5 59. Rb2 Rd4
60. Rf2+ Ke7 61. Kg5 Rc4 62. Ra2 Rd4 63. Ra7+ Kf8 64. Rc7 Re4 65. Rd7 Rc4 66.
Ra7 Re4 67. Ra5 Kf7 68. Rb5 Rd4 69. Rb7+ Kf8 70. Rb5 Rd5+ 71. Rxd5 exd5 72. Kf5
Kf7 73. g5 d4 74. Ke4 Ke6 75. h6 gxh6 76. gxh6 Kf6 77. Kxd4 Kg6 78. Ke5 Kxh6
1/2-1/2

[Event "St. Benno-Gymnasium Dresden-Herder-Gymna"]
[Site "Verden/Aller"]
[Date "2011.05.14"]
[Round "3.2"]
[White "Linnemann, Niklas"]
[Black "Kostré, Margarita"]
[Result "1-0"]
[WhiteElo "1860"]
[BlackElo "1771"]
[PlyCount "96"]
[EventDate "2011.??.??"]
[WhiteTeam "St. Benno-Gymnasium Dresden"]
[BlackTeam "Herder-Gymnasium"]

1. e4 e5 2. Nf3 Nc6 3. Bb5 f5 4. d3 fxe4 5. dxe4 Nf6 6. O-O Nxe4 7. Re1 d5 8.
Nxe5 Qf6 9. Nd3 Be7 10. Qh5+ Qf7 11. Qxf7+ Kxf7 12. Bxc6 bxc6 13. Ne5+ Kf6 14.
Nxc6 Bc5 15. Be3 Bd7 16. Bxc5 Bxc6 17. Bd4+ Kf7 18. f3 Nd6 19. Bc5 Rhd8 20. Nc3
Rd7 21. Bxd6 Rxd6 22. Rad1 Rb8 23. b3 Rbd8 24. Rd4 R6d7 25. Red1 Ke6 26. Na4
Kf6 27. Nc5 Rd6 28. Na6 R6d7 29. Nb4 Bb7 30. c4 c5 31. Nxd5+ Kf7 32. R4d2 Bc6
33. Kf2 a5 34. Ke2 Re8+ 35. Kf2 Red8 36. Rd3 Rd6 37. Nf4 Rxd3 38. Rxd3 Rb8 39.
Rd6 Be8 40. Rd5 a4 41. Rxc5 axb3 42. axb3 Rxb3 43. Rc7+ Kf6 44. Nd5+ Ke6 45. c5
Rb2+ 46. Kg3 Bb5 47. c6 Bf1 48. Nf4+ Kf6 1-0

[Event "St. Benno-Gymnasium Dresden-Herder-Gymna"]
[Site "Verden/Aller"]
[Date "2011.05.14"]
[Round "3.3"]
[White "Lagunow, Raphael"]
[Black "Grunwald, Martin"]
[Result "1/2-1/2"]
[WhiteElo "1739"]
[BlackElo "1723"]
[PlyCount "78"]
[EventDate "2011.??.??"]
[WhiteTeam "Herder-Gymnasium"]
[BlackTeam "St. Benno-Gymnasium Dresden"]

1. e4 e6 2. b3 d5 3. Bb2 dxe4 4. Nc3 Nf6 5. Qe2 Be7 6. O-O-O c6 7. Nxe4 O-O 8.
Nf3 Nbd7 9. d4 Qc7 10. g3 b6 11. Bg2 Bb7 12. Ne5 Nxe5 13. dxe5 Nxe4 14. Qxe4
Rfd8 15. f4 Rac8 16. g4 Ba8 17. Qe2 c5 18. Bxa8 Rxa8 19. f5 Bg5+ 20. Kb1 Rxd1+
21. Rxd1 Rd8 22. Rd3 Rxd3 23. Qxd3 Qd8 24. Qxd8+ Bxd8 25. Kc1 Bc7 26. Kd2 Kf8
27. Kd3 Ke8 28. Kc4 a6 29. a4 Kd7 30. Kd3 Ke7 31. Ke4 Ke8 32. h4 Kd7 33. Kf4
Ke7 34. Ke4 Kd7 35. Ba3 Kc6 36. c4 a5 37. h5 Kd7 38. h6 g6 39. Bc1 Bd8 1/2-1/2

[Event "St. Benno-Gymnasium Dresden-Herder-Gymna"]
[Site "Verden/Aller"]
[Date "2011.05.14"]
[Round "3.4"]
[White "Teich, Thomas"]
[Black "Song, Kevin"]
[Result "1/2-1/2"]
[WhiteElo "1652"]
[BlackElo "1513"]
[PlyCount "69"]
[EventDate "2011.??.??"]
[WhiteTeam "St. Benno-Gymnasium Dresden"]
[BlackTeam "Herder-Gymnasium"]

1. e4 e5 2. Nf3 Nc6 3. Bb5 Nf6 4. O-O d6 5. h3 Nxe4 6. d4 Bd7 7. Bxc6 Bxc6 8.
dxe5 Nc5 9. exd6 Bxd6 10. Re1+ Ne6 11. Nd4 Bd7 12. Nf5 Bf8 13. Bd2 Qf6 14. Qg4
O-O-O 15. Bc3 Qg6 16. Qxg6 hxg6 17. Ng3 Bc5 18. Nd2 Bc6 19. b4 Bb6 20. Nc4 Rhf8
21. Nxb6+ axb6 22. Rad1 Ba4 23. Rc1 Rd5 24. Ne4 Rfd8 25. Bb2 Bc6 26. c4 Rd3 27.
Bc3 f5 28. Ng3 R3d7 29. Rxe6 Rd6 30. Rxd6 Rxd6 31. Be5 Rd3 32. Bc3 Bd7 33. Bb2
Bc6 34. Bxg7 Kd7 35. c5 1/2-1/2

[Event "Edith Stein Schule Erfurt-Albert-Einstei"]
[Site "Verden/Aller"]
[Date "2011.05.14"]
[Round "3.1"]
[White "Stövesand, Eric"]
[Black "Friedt, Marius"]
[Result "1-0"]
[WhiteElo "1895"]
[BlackElo "1814"]
[PlyCount "56"]
[EventDate "2011.??.??"]
[WhiteTeam "Albert-Einstein-Gym Neubrandenb."]
[BlackTeam "Edith Stein Schule Erfurt"]

1. e4 c5 2. Nf3 Nc6 3. d4 cxd4 4. Nxd4 g6 5. Nc3 Bg7 6. Be3 Nf6 7. Bc4 Qa5 8.
O-O Qb4 9. Bb3 Nxe4 10. Nxc6 bxc6 11. Qf3 Nf6 12. Rfe1 O-O 13. Bg5 d5 14. a3
Qd6 15. Rad1 Be6 16. Bf4 Qd8 17. h3 Nd7 18. Bg5 h6 19. Be3 Ne5 20. Qg3 g5 21.
h4 g4 22. Bxh6 Bxh6 23. Rxe5 Bg7 24. Rg5 f6 25. Rh5 Qe8 26. Qe3 Bd7 27. Nxd5
cxd5 28. Rhxd5 Ba4 1-0

[Event "Edith Stein Schule Erfurt-Albert-Einstei"]
[Site "Verden/Aller"]
[Date "2011.05.14"]
[Round "3.2"]
[White "Lindner, Ferdinand"]
[Black "Baier, Christoph"]
[Result "1-0"]
[WhiteElo "1618"]
[BlackElo "1832"]
[PlyCount "80"]
[EventDate "2011.??.??"]
[WhiteTeam "Edith Stein Schule Erfurt"]
[BlackTeam "Albert-Einstein-Gym Neubrandenb."]

1. e4 d5 2. exd5 Nf6 3. Nf3 Nxd5 4. d4 g6 5. Bc4 Bg7 6. O-O O-O 7. c3 Nc6 8.
Bg5 Bg4 9. Nbd2 Qd7 10. h3 Bf5 11. Re1 Rfe8 12. Nb3 b6 13. a4 a6 14. a5 b5 15.
Nc5 Qd6 16. Bb3 Nf6 17. Nh4 Bc8 18. Qf3 Ra7 19. Bf4 e5 20. Bg5 h6 21. Bxf6 Qxf6
22. Qxf6 Bxf6 23. Nxg6 Bf5 24. Nxe5 Nxe5 25. dxe5 Rxe5 26. Rxe5 Bxe5 27. Re1
Bd6 28. Ne4 Bf8 29. Nf6+ Kg7 30. Nh5+ Kg6 31. Ng3 Bd7 32. Bc2+ Kg7 33. Re3 Ra8
34. Nh5+ Kh8 35. Bb3 f5 36. Rg3 Bd6 37. Rg6 Kh7 38. Rg7+ Kh8 39. Rxd7 Re8 40.
g3 Re1+ 1-0

[Event "Edith Stein Schule Erfurt-Albert-Einstei"]
[Site "Verden/Aller"]
[Date "2011.05.14"]
[Round "3.3"]
[White "Stövesand, Peter"]
[Black "Knorre, Jonas"]
[Result "0-1"]
[WhiteElo "1756"]
[BlackElo "1497"]
[PlyCount "70"]
[EventDate "2011.??.??"]
[WhiteTeam "Albert-Einstein-Gym Neubrandenb."]
[BlackTeam "Edith Stein Schule Erfurt"]

1. e4 c5 2. Nf3 Nc6 3. d4 cxd4 4. Nxd4 g6 5. Nc3 Bg7 6. Be3 Nf6 7. Bc4 Qa5 8.
O-O Qb4 9. Bb3 Nxe4 10. Nxe4 Nxd4 11. Bxd4 Qxd4 12. Qf3 O-O 13. c3 Qb6 14. Rfe1
e6 15. Rad1 d5 16. Ng3 Qc7 17. h4 b5 18. h5 Bb7 19. hxg6 hxg6 20. Qg4 Qd8 21.
Bc2 Qf6 22. Rd3 Bh8 23. Rf3 Qg7 24. Ne2 d4 25. Rg3 dxc3 26. Nxc3 a6 27. Bb3
Rad8 28. Rxe6 Bc8 29. Qe4 Bxe6 30. Bxe6 Rd4 31. Qc6 fxe6 32. Qxe6+ Qf7 33. Qxa6
Qxf2+ 34. Kh2 Rh4+ 35. Rh3 Be5+ 0-1

[Event "Georg-Cantor-Gym. Halle-Matthias-Claudiu"]
[Site "Verden/Aller"]
[Date "2011.05.14"]
[Round "3.1"]
[White "Xin, Ruidi"]
[Black "Gering, Samuel"]
[Result "0-1"]
[WhiteElo "1694"]
[BlackElo "1986"]
[PlyCount "45"]
[EventDate "2011.??.??"]
[WhiteTeam "Matthias-Claudius-Gymnasium"]
[BlackTeam "Georg-Cantor-Gym. Halle"]

1. d4 Nf6 2. Nf3 c5 3. e3 g6 4. Nc3 Bg7 5. Bc4 O-O 6. O-O d5 7. Be2 Nc6 8. Re1
b6 9. b3 Ne4 10. Bb2 e6 11. Bb5 Nxc3 12. Bxc3 Qc7 13. Bb2 Bb7 14. Rc1 a6 15.
Bf1 b5 16. c4 bxc4 17. bxc4 Rfd8 18. Ba1 dxc4 19. Rxc4 Bxd4 20. exd4 Qa5 21.
Ra4 Qb6 22. Re4 Ne7 23. Re3 0-1

[Event "Georg-Cantor-Gym. Halle-Matthias-Claudiu"]
[Site "Verden/Aller"]
[Date "2011.05.14"]
[Round "3.2"]
[White "Sieber, Martin"]
[Black "Zehic, Emir"]
[Result "0-1"]
[WhiteElo "1775"]
[BlackElo "1667"]
[PlyCount "50"]
[EventDate "2011.??.??"]
[WhiteTeam "Georg-Cantor-Gym. Halle"]
[BlackTeam "Matthias-Claudius-Gymnasium"]

1. c4 e6 2. Nc3 Nf6 3. e3 d5 4. Nf3 c5 5. cxd5 exd5 6. d4 Be7 7. Bb5+ Bd7 8.
Qb3 O-O 9. Bxd7 Qxd7 10. Ne5 Qc7 11. Nxd5 Nxd5 12. Qxd5 cxd4 13. exd4 Bb4+ 14.
Bd2 Rd8 15. Qc4 Bxd2+ 16. Kxd2 Qxe5 17. Rae1 Rxd4+ 18. Qxd4 Qxd4+ 19. Kc1 Nc6
20. Re3 Nb4 21. Kb1 Qc4 22. Rhe1 Qxa2+ 23. Kc1 h6 24. Ra3 Rc8+ 25. Kd1 Qxb2 0-1

[Event "Georg-Cantor-Gym. Halle-Matthias-Claudiu"]
[Site "Verden/Aller"]
[Date "2011.05.14"]
[Round "3.3"]
[White "Dalipovic, Jasmin"]
[Black "Feuerherdt, Martin"]
[Result "0-1"]
[WhiteElo "1609"]
[BlackElo "1606"]
[PlyCount "94"]
[EventDate "2011.??.??"]
[WhiteTeam "Matthias-Claudius-Gymnasium"]
[BlackTeam "Georg-Cantor-Gym. Halle"]

1. e4 e5 2. Nf3 Nc6 3. d4 exd4 4. Nxd4 Qh4 5. Nc3 Bb4 6. Ndb5 Kd8 7. Be2 a6 8.
Nd4 Qxe4 9. Nxc6+ Qxc6 10. O-O Bxc3 11. Bf3 Qg6 12. bxc3 Nf6 13. Ba3 d6 14. Qd2
Re8 15. Rab1 Ra7 16. Bc5 Ra8 17. Bb4 Nd7 18. Ba5 Rb8 19. c4 b6 20. Bc3 Bb7 21.
Bxb7 Rxb7 22. Qd5 Kc8 23. Rfe1 Re6 24. Rxe6 fxe6 25. Qd3 Qh6 26. Bd2 Qh5 27.
Re1 Nc5 28. Qg3 g6 29. Qf4 Kb8 30. Qf8+ Ka7 31. Qf7 Qh4 32. Bb4 Qxc4 33. Bxc5
bxc5 34. Qxh7 Qxc2 35. g3 Kb6 36. Qf7 Qf5 37. Qd7 e5 38. Qa4 Ka7 39. Re3 Qb1+
40. Kg2 Qb4 41. Qc2 Qd4 42. Qxg6 Rb2 43. Qf7 Kb6 44. Rb3+ Rxb3 45. Qxb3+ Qb4
46. Qd5 c6 47. Qe4 Qb2 0-1

[Event "Georg-Cantor-Gym. Halle-Matthias-Claudiu"]
[Site "Verden/Aller"]
[Date "2011.05.14"]
[Round "3.4"]
[White "Hoffmann, Dustin"]
[Black "Bergmann, Ole Jonathan"]
[Result "0-1"]
[WhiteElo "1608"]
[BlackElo "1245"]
[PlyCount "54"]
[EventDate "2011.??.??"]
[WhiteTeam "Georg-Cantor-Gym. Halle"]
[BlackTeam "Matthias-Claudius-Gymnasium"]

1. e4 c5 2. Nf3 e6 3. d4 cxd4 4. Nxd4 Nf6 5. Nc3 Nc6 6. Be3 Bb4 7. Bg5 h6 8.
Nxc6 bxc6 9. Bxf6 Qxf6 10. Qd2 O-O 11. Bd3 d5 12. a3 Ba5 13. b4 Bc7 14. Rb1 Bf4
15. Qe2 Qxc3+ 16. Kf1 Qxa3 17. g3 Bd6 18. b5 Rb8 19. e5 Bc7 20. g4 cxb5 21.
Rxb5 Rxb5 22. Bxb5 Bb7 23. Bd3 Qa1+ 24. Kg2 Qxe5 25. Qf3 Rb8 26. Rb1 Qxh2+ 27.
Kf1 Qf4 0-1

[Event "Sebastian-Münster-Gym Ingelheim-Illtal G"]
[Site "Verden/Aller"]
[Date "2011.05.14"]
[Round "3.2"]
[White "Faldum, Manfred"]
[Black "Biesel, Mario"]
[Result "0-1"]
[WhiteElo "1899"]
[BlackElo "1721"]
[PlyCount "75"]
[EventDate "2011.??.??"]
[WhiteTeam "Sebastian-Münster-Gym Ingelheim"]
[BlackTeam "Illtal Gymnasium Illingen"]

1. e4 c5 2. d3 Nc6 3. g3 g6 4. Bg2 Bg7 5. Nf3 d6 6. O-O Nf6 7. h3 O-O 8. Nc3
Rb8 9. a4 a6 10. Be3 Nd7 11. Qd2 Nd4 12. Ne1 b5 13. axb5 axb5 14. Rb1 Nb6 15.
f4 b4 16. Ne2 Nxe2+ 17. Qxe2 Na4 18. Bc1 Qb6 19. Kh2 Ba6 20. g4 c4 21. f5 Qb5
22. Rf3 Nxb2 23. Bxb2 Bxb2 24. dxc4 Be5+ 25. Kh1 Qxc4 26. Qxc4 Bxc4 27. Nd3 Bc3
28. Bf1 Ba2 29. Rc1 Rfc8 30. Rf2 Bc4 31. Re2 Rd8 32. Bg2 Bd4 33. fxg6 hxg6 34.
e5 Bc3 35. Nxb4 Bxe5 36. Nc6 Bg3 37. Nxd8 Rxd8 38. Rxe7 0-1

[Event "Sebastian-Münster-Gym Ingelheim-Illtal G"]
[Site "Verden/Aller"]
[Date "2011.05.14"]
[Round "3.3"]
[White "Herber, Patrick"]
[Black "Tepen, Philipp"]
[Result "0-1"]
[WhiteElo "1157"]
[BlackElo "1595"]
[PlyCount "74"]
[EventDate "2011.??.??"]
[WhiteTeam "Illtal Gymnasium Illingen"]
[BlackTeam "Sebastian-Münster-Gym Ingelheim"]

1. d4 d5 2. c4 c6 3. Nc3 Nf6 4. Nf3 dxc4 5. a4 Bf5 6. Bg5 Qb6 7. Ra2 Nd5 8. a5
Qb3 9. Qxb3 cxb3 10. Ra3 Nxc3 11. bxc3 b2 12. Nd2 b1=Q+ 13. Nxb1 Bxb1 14. Rb3
Be4 15. f3 Bd5 16. Rxb7 c5 17. Rb5 e6 18. dxc5 a6 19. Rb2 Bxc5 20. e4 Bc6 21.
Bd3 Nd7 22. Kd2 O-O 23. f4 Rfb8 24. Rhb1 Rxb2+ 25. Rxb2 Rb8 26. Ra2 Bb5 27. c4
Bc6 28. g3 f6 29. Bh4 Bd4 30. Kc2 Nc5 31. e5 fxe5 32. fxe5 Rb3 33. Be2 Rc3+ 34.
Kd2 Nb3+ 35. Ke1 Rc1+ 36. Bd1 Bf3 37. Rc2 Rxd1# 0-1

[Event "Sebastian-Münster-Gym Ingelheim-Illtal G"]
[Site "Verden/Aller"]
[Date "2011.05.14"]
[Round "3.4"]
[White "Grieb, Daniel"]
[Black "Klesen, Jonas"]
[Result "0-1"]
[WhiteElo "1411"]
[BlackElo "1237"]
[PlyCount "84"]
[EventDate "2011.??.??"]
[WhiteTeam "Sebastian-Münster-Gym Ingelheim"]
[BlackTeam "Illtal Gymnasium Illingen"]

1. e4 e5 2. Nf3 Nc6 3. Bb5 d6 4. d3 Bg4 5. Be3 Nf6 6. Nbd2 Be7 7. O-O O-O 8.
Re1 d5 9. Bxc6 bxc6 10. Bg5 Rb8 11. Rb1 Re8 12. h3 Bxf3 13. Nxf3 dxe4 14. Bxf6
Bxf6 15. Rxe4 Qd5 16. b3 Rbd8 17. Qe2 Qa5 18. a4 Re7 19. d4 Rde8 20. dxe5 Bxe5
21. Re1 f6 22. Qc4+ Qd5 23. Nxe5 Rxe5 24. Rxe5 Rxe5 25. Rxe5 fxe5 26. Qd3 g6
27. Kf1 e4 28. Qxd5+ cxd5 29. Ke2 Kf7 30. Ke3 Ke6 31. Kd4 Kd6 32. f3 c5+ 33.
Ke3 Ke5 34. fxe4 dxe4 35. c3 g5 36. g4 a5 37. b4 cxb4 38. cxb4 axb4 39. a5 b3
40. a6 b2 41. a7 b1=Q 42. a8=Q Qe1# 0-1

[Event "Bismarckschule Elmshorn-Stadtgymnasium K"]
[Site "Verden/Aller"]
[Date "2011.05.14"]
[Round "3.1"]
[White "Finke, Kai"]
[Black "Powierski, Emil"]
[Result "0-1"]
[WhiteElo "1837"]
[BlackElo "1997"]
[PlyCount "65"]
[EventDate "2011.??.??"]
[WhiteTeam "Stadtgymnasium Köln-Porz"]
[BlackTeam "Bismarckschule Elmshorn"]

1. d4 Nf6 2. c4 c5 3. d5 b5 4. cxb5 a6 5. bxa6 g6 6. g3 Bxa6 7. Bg2 d6 8. Nf3
Bg7 9. O-O Nfd7 10. Nc3 Nb6 11. Re1 O-O 12. e4 N8d7 13. Bf4 Nc4 14. Qc2 Qa5 15.
Nd2 Nxb2 16. e5 Nd3 17. Re3 N7xe5 18. Nb3 Qb6 19. Rb1 Nb4 20. Qc1 Bd3 21. Bxe5
Bxe5 22. Rb2 c4 23. Nd2 Qa5 24. Nf3 Bxc3 25. Qxc3 Nxd5 26. Qxa5 Rxa5 27. Re1 e6
28. Nd4 Rfa8 29. Nxe6 fxe6 30. Rxe6 c3 31. Rb7 c2 32. Bxd5 c1=Q+ 33. Re1+ 0-1

[Event "Bismarckschule Elmshorn-Stadtgymnasium K"]
[Site "Verden/Aller"]
[Date "2011.05.14"]
[Round "3.2"]
[White "Kossinz, Alex"]
[Black "Sabirov, Ramil"]
[Result "1/2-1/2"]
[WhiteElo "1687"]
[BlackElo "1739"]
[PlyCount "67"]
[EventDate "2011.??.??"]
[WhiteTeam "Bismarckschule Elmshorn"]
[BlackTeam "Stadtgymnasium Köln-Porz"]

1. e4 c5 2. Nf3 e6 3. d4 cxd4 4. Nxd4 a6 5. Bd3 Qc7 6. O-O Nf6 7. Re1 d6 8. Nc3
Be7 9. Kh1 Nbd7 10. f4 O-O 11. f5 Nc5 12. fxe6 fxe6 13. g4 b5 14. g5 Nfd7 15.
Qh5 Ne5 16. Re3 g6 17. Qh4 Ncxd3 18. cxd3 Rf7 19. Rh3 b4 20. Nce2 d5 21. Bf4
Bd6 22. Rc1 Qd7 23. exd5 exd5 24. Re3 Ng4 25. Rf3 Bxf4 26. Rxf4 Rxf4 27. Nxf4
Qg7 28. Nfe6 Bxe6 29. Nxe6 Qxb2 30. Rc7 Qa1+ 31. Kg2 Qb2+ 32. Kh1 Qa1+ 33. Kg2
Qb2+ 34. Kh1 1/2-1/2

[Event "Bismarckschule Elmshorn-Stadtgymnasium K"]
[Site "Verden/Aller"]
[Date "2011.05.14"]
[Round "3.3"]
[White "Krause, Johann"]
[Black "Böge, Julian"]
[Result "1/2-1/2"]
[WhiteElo "1608"]
[BlackElo "1532"]
[PlyCount "45"]
[EventDate "2011.??.??"]
[WhiteTeam "Stadtgymnasium Köln-Porz"]
[BlackTeam "Bismarckschule Elmshorn"]

1. e3 e5 2. b3 Nc6 3. Bb2 Nf6 4. Nf3 d6 5. d4 exd4 6. Nxd4 Nxd4 7. Bxd4 Be7 8.
Be2 O-O 9. Nd2 Bf5 10. Bf3 d5 11. O-O c5 12. Bb2 Qc7 13. c4 Rfd8 14. Qc1 d4 15.
exd4 cxd4 16. Re1 Rac8 17. Ba3 Bd6 18. Bxd6 Rxd6 19. Qa3 b6 20. Ne4 Bxe4 21.
Bxe4 Re6 22. Bf5 Rxe1+ 23. Rxe1 1/2-1/2

[Event "Louise Henriette Gym Oranienburg-St. Joh"]
[Site "Verden/Aller"]
[Date "2011.05.14"]
[Round "3.2"]
[White "Polakowski, Lukas-Raphael"]
[Black "von Spee, Franziskus"]
[Result "1/2-1/2"]
[WhiteElo "1587"]
[BlackElo "1533"]
[PlyCount "50"]
[EventDate "2011.??.??"]
[WhiteTeam "Louise Henriette Gym Oranienburg"]
[BlackTeam "St. Johannis Schule"]

1. d4 Nf6 2. c4 g6 3. Nc3 Bg7 4. e4 d6 5. f4 O-O 6. Nf3 Nbd7 7. e5 dxe5 8. fxe5
Ng4 9. Ng5 Nh6 10. Bd3 c5 11. e6 cxd4 12. exd7 dxc3 13. dxc8=Q Rxc8 14. Rb1 Qa5
15. bxc3 Bxc3+ 16. Bd2 Rfd8 17. Rb5 Bxd2+ 18. Qxd2 Qxd2+ 19. Kxd2 b6 20. Ke2
Rc7 21. h3 Rcd7 22. Rd1 Nf5 23. Nf3 Ng3+ 24. Ke3 Nf5+ 25. Ke2 Ng3+ 1/2-1/2

[Event "Louise Henriette Gym Oranienburg-St. Joh"]
[Site "Verden/Aller"]
[Date "2011.05.14"]
[Round "3.3"]
[White "Haniszewski, Patrick"]
[Black "Fuhrig, Nico-Pascal"]
[Result "1/2-1/2"]
[WhiteElo "1396"]
[BlackElo "1361"]
[PlyCount "82"]
[EventDate "2011.??.??"]
[WhiteTeam "St. Johannis Schule"]
[BlackTeam "Louise Henriette Gym Oranienburg"]

1. b3 d6 2. Bb2 e5 3. e3 Nf6 4. c4 g6 5. Qc2 Bg7 6. Be2 O-O 7. d4 exd4 8. Bxd4
Nc6 9. Bb2 Bf5 10. Qc1 Nb4 11. Na3 Nd3+ 12. Bxd3 Bxd3 13. Nf3 Be4 14. Qd1 Re8
15. O-O b6 16. Nb5 a6 17. Nc3 Bb7 18. b4 Qe7 19. a4 Red8 20. a5 d5 21. Qb3 dxc4
22. Qxc4 b5 23. Qb3 Rac8 24. Rad1 c5 25. Rxd8+ Rxd8 26. bxc5 Qxc5 27. Ba3 Qc7
28. Bb4 Ng4 29. e4 Rd3 30. h3 Rxf3 31. hxg4 Rd3 32. Rd1 Rxd1+ 33. Nxd1 Bxe4 34.
Qe3 Qc2 35. Nc3 Bxc3 36. Bxc3 Qd1+ 37. Kh2 Qxg4 38. f3 Qh4+ 39. Kg1 Bc6 40. Qb6
Be8 41. Qxa6 h5 1/2-1/2

[Event "Louise Henriette Gym Oranienburg-St. Joh"]
[Site "Verden/Aller"]
[Date "2011.05.14"]
[Round "3.4"]
[White "Ihde, Sven"]
[Black "Kropp, Jan Ricardo"]
[Result "1-0"]
[WhiteElo "1142"]
[BlackElo "1148"]
[PlyCount "47"]
[EventDate "2011.??.??"]
[WhiteTeam "Louise Henriette Gym Oranienburg"]
[BlackTeam "St. Johannis Schule"]

1. d4 d5 2. Nf3 Bf5 3. e3 a6 4. Bd3 Bg4 5. c3 Nc6 6. Nbd2 e5 7. e4 exd4 8. Qc2
dxc3 9. bxc3 dxe4 10. Bxe4 Qe7 11. O-O Qf6 12. Bxc6+ bxc6 13. Re1+ Be7 14. Ne4
Qg6 15. Ne5 Qe6 16. Nxg4 Qxg4 17. Qa4 Qe6 18. Bg5 h6 19. Nf6+ Kf8 20. Rxe6 fxe6
21. Nd7+ Kf7 22. Qxc6 Nf6 23. Ne5+ Kg8 24. Qxa8+ 1-0